Território da lembrança (Record no. 57245)

MARC details
000 -LÍDER
campo de controle de tamanho fixo 00349 a2200157 4500
001 - NÚMERO DE CONTROLE
campo de controle 57245
020 ## - ISBN - INTERNATIONAL STANDARD BOOK NUMBER
ISBN - International Standard Book Number 8574091588
040 ## - FONTE DA CATALOGAÇÃO
Instituição que transcreveu o registro Anchieta - Pituba
100 ## - ENTRADA PRINCIPAL--NOME PESSOAL
Nome pessoal Chaves, Flávio
240 10 - TÍTULO UNIFORME
Título uniforme Território da lembrança
Idioma da obra por
245 10 - TÍTULO
Título Território da lembrança
300 ## - DESCRIÇÃO FÍSICA
Extensão 75
362 0# - DATAS DE PUBLICAÇÃO E/OU DESIGNAÇÃO SEQUENCIAL
Datas de publicação e/ou designação sequencial 1999
650 #4 - ASSUNTO--TERMO TÓPICO
Cabeçalho tópico ou nome geográfico Literatura juvenil
942 ## - ELEMENTOS DE ENTRADA ADICIONADOS (KOHA)
Tipo de material Koha Livros
Holdings
Situação do descarte Situação das perdas Situação física Não pode ser emprestado Biblioteca de origem Biblioteca atual Data de aquisição Total de empréstimos Número de chamada completo Código de barras Data de último acesso Data do preço efetivo Tipo de material Koha
        Colégio Anchieta - Pituba Colégio Anchieta - Pituba 21/11/2023   LJ 028.5 C512t CHA TER 7189/PIT 21/11/2023 21/11/2023 Livros